00922cam a22002411 450000100060000000300080000600500170001400800390003103500190007003500190008904000300010804100080013808200220014610000300016824501590019826000440035730000310040165000220043270000430045494200120049799900170050995201540052616885BD-RjUL20211209000049.0140215t1958 u 000 0 eng a(BD-RjUL)16940 a(OCoLC)2665378 aDLCcOdDLCdBD-RjULbeng aeng00a622.338bWHO 19581 aWheeler, Robert R.95212410aOil--from prospect to pipeline :bguidebook for investors, mineral owners, oil company personnel, and students /cby Robert R. Wheeler and Maurine Whited. aHouston, Tex. :bGulf Pub. Co.,cc1958. a115 p. :billus. ;c21 cm. 0aPetroleum.9521251 aWhited, Maurine,ejoint author.952126 2ddccBK c16885d16885 00102ddc40718NFICaRUCLbRUCLcReadingd1967-12-16ePak american commericalg17.50l0o622.338 WHO 1958r2014-02-15 00:00:00tC-1w2014-02-15yBK